000
00309pab a2200109 454500
008
180718b xxu||||| |||| 00| 0 eng d
100
_a
Mallick, Masanta Kumar
245
_a
Ambedkar and his movement for social equality
650
_a
Ambedkar, B.R. - Criticism and Interpretation
773
_a
Mainstream
909
_a
636
999
_c
636
_d
636